000 00925nam a2200253 a 4500
003 CBULib
005 20240513092444.0
008 190520s2018 ||||||||||||||||| || u
020 _a9789211129236
040 _aCBULib
_bEnglish
_cCBULib
_erda
041 _aeng
050 _aUNCTAD(058)IARI/2017
110 _aUnited Nations Conference on Trade and Development (UNCTAD)
245 1 0 _aInternational accounting and reporting issues : 2017 review
_c/ by United Nations Conference on Trade and Development (UNCTAD)
260 _aNew York :
_bUnited Nations,
_c2018
300 _aix, 30 pages : illustrations
336 _2rdacontent
_aText |
_btxt
337 _2rdamedia
_aUnmediated |
_bn
338 _2rdacarrier
_aVolume
_bnc
650 _aINTERNATIONAL BUSINESS ENTERPRIESE--ACCOUNTING--PERIODICALS
650 _aACCOUNTANCY
942 _2mc
_c029
999 _c47272
_d47272